000 00443nab a2200145Ia 4500
003 ES-SlBCS
005 20210601124311.0
008 140529s1981 xxu||||| |||| 00| 0 eng d
041 _aeng
100 1 _aProefriedt, William A.
_9139408
245 0 4 _aThe Significance of the Teacher's Work
_c William A. Proefriedt
650 0 4 _aProfesor
_9139167
773 0 _tEducational Theory
_gvol. 31, nº. 3-4, 1981, págs. 341-350
_wRev1399
942 _cAR
999 _c512567
_d512567